Essentials of Balanced Scorecard /

Contenido: Visión general; ¿Que es un cuadro de mando integral?; De la administración a la administración del desempeño; Misión, visión, valores: los precursores del cuadro de mando integral; Seis factores de éxito al implementar un cuadro de mando integral; 1er. factor: entiéndase; 2º factor: compr...

Полное описание

Сохранить в:
Библиографические подробности
Главный автор: Nair, Mohan (autor)
Формат:
Язык:английский
Опубликовано: Hoboken, EUA : Wiley, 2004, c2004
Серии:(Essentials Wiley) [s.n.]
Предметы:
Метки: Добавить метку
Нет меток, Требуется 1-ая метка записи!

MARC

LEADER 00000nam^a2200000^a^4500
001 000182628
005 20250521000000.0
009 20260310102014.023
020 |a 0-471-56973-9 
037 |a Acervo ITESO - Biblioteca 
041 |a ING 
082 |a 658. 401  |b NAI 
100 |a Nair, Mohan  |e (autor) 
245 1 0 |a Essentials of Balanced Scorecard /  |c M. Nair. 
264 4 |a Hoboken, EUA :  |b Wiley,  |c 2004, c2004 
300 |a XVIII, 244 p. 
336 |a texto  |b txt  |2 rdacontenido 
337 |a sin mediación  |b n  |2 rdamedio 
338 |a volumen  |b nc  |2 rdasoporte 
440 1 |a (Essentials Wiley) [s.n.] 
520 |a Contenido: Visión general; ¿Que es un cuadro de mando integral?; De la administración a la administración del desempeño; Misión, visión, valores: los precursores del cuadro de mando integral; Seis factores de éxito al implementar un cuadro de mando integral; 1er. factor: entiéndase; 2º factor: comprenda el ciclo de aprendizaje del cuadro de mando integral; 3er factor: conozca el camino de la implementación; 4º factor: trate el cuadro de mando integral como un proyecto; 5º factor: ayúdese de la tecnología; 6º factor: haga en cascada el cuadro de mando integral; Once pecados capitales del cuadro de mando integral; La última sociedad: cuadro de mando integral y administración del desempeño. 
649 |a XX 
650 |a Empresas -  |x Administración 
650 |a Cambio Organizacional 
650 |a Comportamiento Organizacional 
650 |a Cultura Organizacional 
650 |a Productividad 
650 |a Eficiencia Institucional 
650 |a Exito Administrativo 
650 |a Evaluación del Desempeño 
650 |a Desarrollo Profesional 
650 |a Desarrollo Organizacional 
650 |a Planeación Estratégica 
650 |a Planeación Administrativa 
650 |a Control Administrativo 
650 |a Administración de Proyectos 
650 |a Proceso Administrativo 
650 |a Ciencias Administrativas 
910 |a Fondo General 
920 |a Impresos - Libros 
930 |a Colección General 
905 |a 101 
901 |a 0500122587  |b IT1  |c ACC  |u 20250521 
902 |a https://opac.biblio.iteso.mx/vufind/Record/000182628